LEADER 00801nam0-22003131i-450- 001 990000629600403321 005 20001010 035 $a000062960 035 $aFED01000062960 035 $a(Aleph)000062960FED01 035 $a000062960 100 $a20001010d--------km-y0itay50------ba 101 0 $aita 105 $ay-------001yy 200 1 $aDYNAMIC PLASTICITY OF METALS$fCAMPBELL J.D. 210 $as.l.$cs.e.$ds.d. 610 0 $aDinamica 610 0 $aStress waves. 610 0 $aVibrazioni 610 0 $aMeccanica 700 1$aCampbell,$bJohn D.$043288 801 0$aIT$bUNINA$gRICA$2UNIMARC 901 $aBK 912 $a990000629600403321 952 $a07 G-194 MU.$b5104$fDINSC 959 $aDINSC 996 $aDYNAMIC PLASTICITY OF METALS$9315490 997 $aUNINA DB $aING01 LEADER 01133nam--2200373---450- 001 990002813740203316 005 20060915101043.0 035 $a000281374 035 $aUSA01000281374 035 $a(ALEPH)000281374USA01 035 $a000281374 100 $a20060915d2005----km-y0itay0103----ba 101 $aita 102 $aIT 105 $a||||||||001yy 200 1 $aMutamenti nei comportamenti familiari e scelte assicurative$fa cura di Francesco C. Billari, Carlo Maccheroni 210 $aMilano$cGiuffrè$dc2005 215 $aXI, 197 p.$d24 cm 225 2 $aDEA. Quaderni di impresa assicurativa 410 0$12001$aDEA. Quaderni di impresa assicurativa 454 1$12001 461 1$1001-------$12001 606 0 $aAssicurazioni$xItalia 676 $a368.00945 702 1$aBILLARI,$bFrancesco C. 702 1$aMACCHERONI,$bCarlo 801 0$aIT$bsalbc$gISBD 912 $a990002813740203316 951 $aP11 739$bDISTRA 959 $aBK 969 $aDISTRA 979 $aDISTRA2$b90$c20060915$lUSA01$h1010 996 $aMutamenti nei comportamenti familiari e scelte assicurative$9784305 997 $aUNISA